| 000 | 00539nam a2200169 i 4500 | ||
|---|---|---|---|
| 001 | 49397 | ||
| 003 | ES-MaACL | ||
| 005 | 20230906161938.0 | ||
| 007 | t| | ||
| 008 | 030715s1952 sp ||||1| spa d | ||
| 100 | 1 |
_aCorts Grau, José. _940959 |
|
| 245 | 1 | 0 |
_aHistoria de la filosofía del derecho. _nI., _pFilosofía antigua y medieval. / _cJosé Corts Grau. |
| 260 |
_a[Madrid] : _bEditora Nacional, _c1952 ( _fSamarán) |
||
| 300 |
_a340 p. ; _c19 cm. |
||
| 650 | 4 |
_aDerecho- _xFilosofía- _vHistoria. _911621 |
|
| 852 |
_aES-MaACL _jE-3669 |
||
| 999 |
_c49397 _d49397 |
||